| 000 | 01100nam a2200253 a 4500 | ||
|---|---|---|---|
| 001 | BRCA_7299 | ||
| 005 | 20190320205802.0 | ||
| 008 | 190412s19451950mx-#######---#000-0#spa-# | ||
| 041 | _aspa | ||
| 044 | _amx | ||
| 050 | 4 |
_aZ1007 _b.B65 3 1945 |
|
| 245 | 1 | 0 | _aBoletín bibliográfico del Departamento de Biblioteca, Archivos Económicos y Publicaciones. |
| 260 |
_aMéxico _bSecretaría de Hacienda y Crédito Público. Dirección de Estudios Financieros, Departamento de Biblioteca y Archivos Económicos _c1945-1950 |
||
| 300 |
_a3 v. _c22 cm. |
||
| 500 | _aBoletín inventariado por Banco de México como libro | ||
| 500 | _aVer también I145, Q25 y Q91 | ||
| 500 | _aQ51 | ||
| 505 | 0 | _aContenido: v.1. No. 32, noviembre y diciembre, 1945 . -- v.2. No. 43, julio a diciembre, 1949. -- v.3. No. 44, enero a junio, 1950 | |
| 610 | 2 | 4 |
_aDepartamento de Biblioteca, Archivos Económicos y Publicaciones (México) _918059 |
| 650 | 1 | 4 |
_aBibliografía _vPublicaciones periódicas _918060 |
| 710 | 2 |
_aSecretaría de Hacienda y Crédito Público (México) _93608 |
|
| 902 | _aGFM | ||
| 942 |
_2lcc _cB |
||
| 999 |
_c6975 _d6975 |
||